000 00662nam a22002297a 4500
999 _c981
_d981
001 981
003 BD-JhCC
005 20190901134018.0
008 171012s2011 bg a|||| ||a| 00| 0 ben d
020 _a9847013801245
035 _a(BD-JhCC)981
040 _aBD-JhCC
_dBD-JhCC
041 _aben
082 _223
_a891.4435
_bHAF 2011
100 _aহাফিজ, হাসান
245 _aমন জুড়ানি রুপকথা /
_cহাসান হাফিজ
260 _aঢাকা :
_bবিদ্যা প্রকাশ,
_c2011
300 _a96 p. :
_c22 cm.
650 _aBengali Short story
942 _2ddc
_cBK
_03